Hidrología general: principios y aplicaciones

Salvato in:
Dettagli Bibliografici
Autore principale: Llamas, José (autor)
Natura: Libro
Lingua:spagnolo
Pubblicazione: Bilbao Servicio Editorial de la Universidad del País Vasco 1993
Soggetti:
Tags: Aggiungi Tag
Nessun Tag, puoi essere il primo ad aggiungerne!!

MARC

LEADER 00000nam a2200000 a 4500
001 UCT5120
003 CL-VaPUC
008 961129e19930000SP |||||||||||||||||spa|d
082 0 4 |a 551.48  |b LLA  |2 21 
100 |a Llamas, José  |e autor  |9 374407 
245 1 0 |a Hidrología general: principios y aplicaciones 
300 |a 635 p 
942 |c BK 
945 |d 19961129 00:00:00  |a nastorga 
260 |a Bilbao  |b Servicio Editorial de la Universidad del País Vasco  |c 1993 
650 0 |a Hidrología  |9 261396 
650 0 |a Recursos naturales  |9 255232 
650 0 |a Agua  |9 257149 
650 0 |a Atmósfera  |9 261875 
650 7 |a RADIACION SOLAR  |2 CL-VaPUC  |9 350685 
650 7 |a TEMPERATURA  |2 CL-VaPUC  |9 374408 
650 0 |a Aire  |9 261540 
650 7 |a PRESION ATMOSFERICA  |2 CL-VaPUC  |9 360580 
650 0 |a Viento  |9 360347 
650 7 |a HUMEDAD  |2 CL-VaPUC  |9 259412 
650 7 |a NUBES  |2 CL-VaPUC  |9 360581 
650 0 |a Precipitaciones   |9 357816 
650 0 |a Cuencas hidrográficas  |9 366259 
650 0 |a Suelos  |9 260322 
650 7 |a NIEVE  |2 CL-VaPUC  |9 362255 
650 0 |a Modelos matemáticos   |9 259437 
583 |a last modification  |c 19961129 00:00:00  |k Rodrigo Vera 
999 |c 254137  |d 254135 
952 |0 0  |1 0  |4 0  |6 551_480000000000000_LLA_1993  |7 0  |8 A  |9 275585  |a BIBING  |b BIBING  |d 2019-11-19  |i 3254615  |o 551.48 LLA 1993  |p 3254615  |r 2025-01-20  |w 2019-11-19  |y BK  |k GEO